| 000 | 00741nam a22002297a 4500 | ||
|---|---|---|---|
| 005 | 20130822175449.0 | ||
| 008 | 130822b xxu||||| |||| 00| 0 eng d | ||
| 010 | _aG-002187 | ||
| 020 | _c200.00 (approx) | ||
| 035 | _aG-002187 | ||
| 037 | _bGift | ||
| 040 |
_adpl _ben |
||
| 082 | _a181.46 | ||
| 100 | _aPrabhupada, A.C.Bhaktivedanta Swami | ||
| 245 |
_aBhagavad-Gita as it is / _cby A.C.Bhaktivedanta Swami Prabhupada |
||
| 260 |
_aMumbai _bBhaktivedanta Book Trust _c2007 |
||
| 270 |
_aHare Krishna Land, Juhu, _bMumbai _e400049 |
||
| 300 |
_a920p _c23cm(pb) |
||
| 500 | _aThis book is donated by Mrs Shailaja Chandra, Ex-Chairperson, D.L.B. | ||
| 942 |
_2ddc _cEN _h181.46 _mPRA |
||
| 999 |
_c78728 _d78728 |
||